| 000 | 01254nam a2200301 i 4500 | ||
|---|---|---|---|
| 003 | DO-SdBNP | ||
| 005 | 20250716133245.0 | ||
| 007 | ta | ||
| 008 | 250716s2014 dr 000 0 spa d | ||
| 040 |
_aDO-SdBNP _bspa _cBNPHU _erda |
||
| 041 | _aspa | ||
| 082 | 4 |
_axxx _bG633 _222 |
|
| 100 |
_aGómez, Wilson _eautor _98532 _4aut. |
||
| 245 | 1 | 0 |
_aManual de derecho inmobiliario registral / _cWilson Gómez ; liminar, Robinson A. Cuello Shanlatte ; prólogo, Juan Luperón Vásquez |
| 246 | 1 |
_aManual de derecho inmobiliario registral : _bestudio profundo de los aspectos y situaciones que se producen en el ámbito inmobiliario y un cuidadoso enfoque jurídico sobre los conflictos que se presentan. / |
|
| 264 | 1 |
_aSanto Domingo : _bEditora Amigo del Hogar, _c2014. |
|
| 300 |
_a359 páginas : _c23 cm. |
||
| 336 |
_atexto _btxt _2rdacontent |
||
| 337 |
_asin mediación _bn _2rdamedia |
||
| 338 |
_avolumen _bnc _2rdacarrier |
||
| 500 | _aIncluye datos biografícos del autor en la contraportada. | ||
| 504 | _aBibliografía p: 351-359 | ||
| 590 | _aInventariado, 2025/ YL | ||
| 700 |
_aCuello Shanlatte, Robinson A. _eliminar _dlim. _988372 |
||
| 700 |
_aLuperón Vásquez, Juan _eprólogo _4pr. _911844 |
||
| 910 | _aYLockward | ||
| 942 |
_2ddc _cLBS1 |
||
| 999 |
_c59559 _d59559 |
||